Státní podpora podniků a konkurencieschopnost odvětví

Analýza vzťahu medzi nákladmi na rast blahobytu formou štátnej dotácie a ich efektívnosť na konkurencieschopnosť odvetvia. Štátna podpora spracovateľských odvetví. Konkurencieschopnosť spracovateľských odvetví. Konkurencieschopnosť a štátna podpora. Transparentnosť a zúčtovateľnosť priemyselnej...

Description complète

Enregistré dans:
Détails bibliographiques
Auteur principal: Zemplinerová, Alena
Format: Chapitre de livre
Langue:tchèque
Sujets:
Tags: Ajouter un tag
Pas de tags, Soyez le premier à ajouter un tag!

MARC

LEADER 00000naa$a2200000$$$4500
001 0081237
005 20231019131525.4
041 0 |a cze 
044 |a CZ 
245 1 0 |a Státní podpora podniků a konkurencieschopnost odvětví  |c Alena Zemplinerová 
520 |a Analýza vzťahu medzi nákladmi na rast blahobytu formou štátnej dotácie a ich efektívnosť na konkurencieschopnosť odvetvia. Štátna podpora spracovateľských odvetví. Konkurencieschopnosť spracovateľských odvetví. Konkurencieschopnosť a štátna podpora. Transparentnosť a zúčtovateľnosť priemyselnej politiky. 
610 2 0 |a podpora podnikania 
610 2 0 |a programy rozvojové 
610 2 0 |a dotácie štátne 
610 2 0 |a politika hospodárska 
610 2 0 |a priemysel spracovateľský 
610 2 0 |a Česko 
610 2 0 |a analýza korelačná 
610 2 0 |a konkurencieschopnosť 
100 1 |a Zemplinerová, Alena